| 000 | 00546nam a2200169Ia 4500 | ||
|---|---|---|---|
| 008 | 230917s9999||||xx |||||||||||||| ||und|| | ||
| 020 | _cUSD39.95 | ||
| 040 |
_e241137 _aMAIN |
||
| 041 | _aEnglish | ||
| 082 | _a658.4092 L588P | ||
| 100 | _aLewis, Sarah | ||
| 245 | 0 | _aPositive psychology and change: How leadership, collaboration and appreciative inquiry create transformational results | |
| 260 |
_aChichester _bWiley Blackwell _c2016 |
||
| 300 | _axxiv, 245 p. | ||
| 500 | _a2772 13/07/2017 RBP17/66615 18/07/2017 Main Budget | ||
| 942 | _cBK | ||
| 999 |
_c23147 _d23147 |
||